| 000 | 00384 a2200157 4500 | ||
|---|---|---|---|
| 999 |
_c320836 _d320836 |
||
| 001 | 85763 | ||
| 003 | NUST | ||
| 005 | 20180119194835.0 | ||
| 008 | 180119b xxu||||| |||| 00| 0 eng d | ||
| 020 | _a9780866381437 | ||
| 082 | _a338.95 WAT | ||
| 100 |
_aToshio Watanabe _99157 |
||
| 245 |
_aAsia : Its Growth and Agony _hEnglish |
||
| 250 | _a1st | ||
| 260 |
_aUSA _bEast-West _c1992 |
||
| 300 | _axiv 175 p. | ||
| 500 | _aGifted By AM Masood Akhtar | ||
| 942 |
_acaenust _cBK _k338.95 WAT _2ddc |
||